La teoría ética de Amartya Sen
Gespeichert in:
| 1. Verfasser: | |
|---|---|
| Format: | Buch |
| Sprache: | Undetermined |
| Veröffentlicht: |
Bogotá, Colombia
Siglo del Hombre Editores
2006
|
| Schlagworte: | |
| Tags: |
Tag hinzufügen
Keine Tags, Fügen Sie den ersten Tag hinzu!
|
MARC
| LEADER | 00000nam a2200000Ia 4500 | ||
|---|---|---|---|
| 008 | 170316s9999 xx 000 0 und d | ||
| 090 | |a 100 H-23.1t | ||
| 100 | |a Hernández, Andrés | ||
| 245 | |a La teoría ética de Amartya Sen | ||
| 260 | |a Bogotá, Colombia | ||
| 260 | |b Siglo del Hombre Editores | ||
| 260 | |c 2006 | ||
| 300 | |a 253 páginas | ||
| 650 | |a FILOSOFÍA | ||
| 650 | |a ÉTICA | ||
| 650 | |a UTILITARISMO | ||
| 650 | |a DERECHOS | ||
| 650 | |a PLURALISMO VALORATIVO | ||
| 650 | |a LIBERALISMO COMPREHENSIVO | ||
| 650 | |a IGUALITARISMO | ||
| 650 | |a AMARTYA KUMAR SEN | ||
| 650 | |a FILOSOFÍA POLÍTICA | ||
| 999 | |c 16464 |d 16464 | ||
| 040 | |a cru BVZT | ||
| 942 | |c 15 D |h 100 H-23.1t |2 z | ||
